Resource mobilization and social movements: a partial theory /
שמור ב:
| מחבר ראשי: | |
|---|---|
| מחברים אחרים: | |
| פורמט: | Texto |
| תגים: |
הוספת תג
אין תגיות, היה/י הראשונ/ה לתייג את הרשומה!
|
MARC
| LEADER | 00000 a a2200000 04500 | ||
|---|---|---|---|
| 001 | 43763 | ||
| 003 | |||
| 040 | |||
| 100 | |a Mccarthy, John D. | ||
| 245 | |a Resource mobilization and social movements: |b a partial theory / |c John D. Mccarthy ; Mayer N. Zald | ||
| 700 | |a Zald, Mayer N. | ||
| 773 | |g páginas 40-50 | ||
| 999 | |c 19873 |d 19873 | ||
